Oru nimisham/ (Record no. 32551)

000 -LEADER
fixed length control field 00339nam a22001331a 4500
082 ## - DEWEY DECIMAL CLASSIFICATION NUMBER
Classification number M8
Item number ANI/O
100 ## - MAIN ENTRY--PERSONAL NAME
Personal name Annie Thayyil
9 (RLIN) 172595
245 ## - TITLE STATEMENT
Title Oru nimisham/
Statement of responsibility, etc. by Annie Thayyil
260 ## - PUBLICATION, DISTRIBUTION, ETC.
Place of publication, distribution, etc. Cochin:
Name of publisher, distributor, etc. The Scholar Books,
Date of publication, distribution, etc. 1992.
300 ## - PHYSICAL DESCRIPTION
Extent 142p.
650 ## - SUBJECT ADDED ENTRY--TOPICAL TERM
Topical term or geographic name entry element Literature Malayalam
9 (RLIN) 172596
650 ## - SUBJECT ADDED ENTRY--TOPICAL TERM
Topical term or geographic name entry element Literature
9 (RLIN) 172597
942 ## - ADDED ENTRY ELEMENTS (KOHA)
Koha item type Book
Holdings
Withdrawn status Lost status Damaged status Not for loan Permanent Location Current Location Date acquired Cost, normal purchase price Total Checkouts Full call number Barcode Date last seen Cost, replacement price Price effective from Koha item type
        Sree Sankaracharya University of Sanskrit Sree Sankaracharya University of Sanskrit 08.01.2015 25.00   M8 ANI/O 013957 08.01.2015 0.00 08.01.2015 Book